00733nai a2200181Ia 4500003000900000008004100009022002300050040001600073245005500089260002300144310001200167362002700179521006900206856009000275942000700365999001700372952016200389IN-BaIIA211028c9999 xx s 000 0 eng d a0265-931X (Online) cIIA Library 0aJournal of Environmental Radioactivityh[eJournal] aNew YorkbElsevier aMonthly a26(1); 1995 - Present  bSubscribed through National Knowledge Resource Consortium (NKRC) uhttps://www.sciencedirect.com/science/journal/0265931XyClick Here to Access eJournal cEJ c35045d35045 00104070aBANbBANd2009-01-01eNKRCh26(1); 1995 - Present l0pEJ1129r2021-11-05uhttps://www.sciencedirect.com/science/journal/0265931Xw2021-11-05yEJ